000 01040nam a2200277 i 4500
003 EG-GICUC
005 20260121101238.0
008 251118s1972 fr ||||fr|||| 000 0 fre d
040 _aEG-GiCUC
_bfre
_cEG-GiCUC
_dEG-GiCUC
_eRda
082 0 4 _221
_a343.076
_bDA . H
092 0 4 _221
099 _aLaw1 11 343.076 DA . H 1972
100 1 _aDaillier, Patrick
_eAuteur
245 1 2 _aL'harmonisation Des Législations Douanières Des Etats Membres De La Communauté Economique Européenne /
_cPatrick Daillier ؛ Pierre-henri Teitgen
264 1 _aParis :
_bLibrairie Generale De Droit Et De Jurisprudence R. Pichon Et R. Durand-auzias,
_c1972.
300 _a345 page ;
_c 24 cm.
336 _2rda contenu
_a texte
337 _2rda medias
_aOrdinateur
338 _2 transporteur rda
_a Ressource en ligne
650 1 4 _aDroit international public
_2
651 1 _2
700 1 _aPierre-henri Teitgen
_ePréfacier
856 4 0 _uhttps://fll.law.cu.edu.eg/fulltext/bks/B13-07923.pdf
905 _a50
_eHassnaa
942 _2ddc
_cBK
_e21
_n0
999 _c44118
_d44118